000 00741nam a2200241 a 4500
001 67322
003 BD-RjUL
005 20211209081634.0
008 170323s1968 nyua b 001 0 eng d
035 _a(BD-RjUL)67453
040 _aDLC
_cDLC
_dDLC
_dBD-RjUL
_beng
041 _aeng
082 0 0 _a539.74
_223
_bDAC 1968
100 1 _aDavidson, J. P.
_9199459
245 1 0 _aCollective models of the nucleus /
_cJ. P. Davidson
260 _aNew York :
_bAcademic Press,
_c1968.
300 _axii, 238 p. :
_bill. ;
_c24 cm.
504 _aInclude Bibliography and index.
650 0 _aNuclear Structure
_9199461
830 _aPure and applied physics ;
_vv. 29
_9199466
942 _2ddc
_cBK
999 _c67322
_d67322